000 00668nam a2200217Ia 4500
003 GCL
008 140319s9999 xx 000 0 ara d
040 _aGCL /
_cGCL
082 0 4 _aق
_b069.0962
_bم م
100 1 _aالمجلس الاعلى للثقافة
245 1 0 _aمتحف كوم اوشيم: الفيوم /
_cالمجلس الاعلى للثقافة
260 _a[S.N] :
_bالمجلس الاعلى للثقافة
490 _a
650 0 4 _aمصر
650 0 4 _aالاثار الاسلامية
650 0 4 _aالاثار الفرعونية
650 0 4 _aالاثار
650 0 4 _aالمتاحف
650 0 4 _aكوم اوشيم
942 _2ddc
_cBK
999 _c57918
_d57918